Normal view
MARC view
- Murthy, V N S
Entry Personal Name
001 - CONTROL NUMBER
- control field: 7366
003 - CONTROL NUMBER IDENTIFIER
- control field: OSt
005 - DATE AND TIME OF LATEST TRANSACTION
- control field: 20250328114811.0
008 - FIXED-LENGTH DATA ELEMENTS
- fixed length control field: 250328|| aca||aabn | a|a d
040 ## - CATALOGING SOURCE
- Original cataloging agency: OSt
- Transcribing agency: OSt
100 ## - HEADING--PERSONAL NAME
- Personal name: Murthy, V N S
670 ## - SOURCE DATA FOUND
- Source citation: Work cat.: (OSt)9012: Murthy, V N S ., Soil mechanics and foundation engineering / , 1984.
